000 01149nam a2200265 a 4500
001 000022921
005 20240401193420.0
008 101123s1966 ck r 001 0 spa d
040 _aDO-SdBNP
_bspa
_cBNPHU
082 _a917.3
_bB916u
100 1 _aBryce, James Bryce, Viscount,
_cVizconde
_d1838-1922
_947126
240 1 0 _aReflections on american institutions.
_lEspañol.
245 1 0 _aU.S.A. La revolución institucionalizada /
_cJames Bryce ; prólogo de German Arciniegas ; introdución de Henry Steele Commager ; traducción de Francisco Gómez Palacio.
260 _aCali :
_bNorma,
_c1966.
300 _a387 p. ;
_c20 cm.
504 _aIncluye referencias bibliográficas y notas al pie de las páginas.
534 _pTítulo en Inglés:
_tReflections on american institutions.
650 4 _aEstados unidos
_xCivilización
_y1865 - 1878
_947127
650 4 _aEstados unidos
_xPolítica y gobierno
_93192
650 4 _aEstados unidos
_xCondiciones sociales
_947128
700 1 _aArciniegas, German,
_epról.
_943711
700 1 _aSteele Commager, Henry,
_eintrod.
_947129
700 1 _aGómez Palacio, Francisco,
_etr.
_941542
049 _aBNGR
999 _c22418
_d22418